| 000 | 00342nam a2200121Ia 4500 | ||
|---|---|---|---|
| 008 | 220204s9999 xx 000 0 und d | ||
| 082 |
_a582.26 _bBUR |
||
| 245 | 0 | _aAlgal culture: From laboratory to pilot plant. | |
| 260 |
_aWashington _bInstitute of Washington Pubn _c1953 |
||
| 650 | _aAlgal culture | ||
| 700 | _aBURLEW, John S | ||
| 942 | _cBK | ||
| 999 |
_c28618 _d28618 |
||